| 000 | 01155nam a2200337Ia 4500 | ||
|---|---|---|---|
| 001 | 57376 | ||
| 003 | CO-BoRNBP | ||
| 005 | 20250624163757.0 | ||
| 007 | ta | ||
| 008 | 170628s2013 m a g 000 f s | ||
| 020 | _a9789681662981 | ||
| 040 |
_aCO-BoRNBP _bspa _erda _cCO-BoRNBP |
||
| 041 | _aspa | ||
| 084 | _aN BRI2 | ||
| 100 | 1 |
_aBrisac, Genevieve _d1951- _960491 |
|
| 245 | 1 | 0 |
_aOlga y los traidores _cGeneviève Brisac ; ilustraciones de Erika Martínez ; traducción de Jöelle Rorive |
| 250 | _a1a. edición | ||
| 264 | 1 |
_aMéxico _bFondo de Cultura Económica _c2013 |
|
| 300 |
_a49 páginas _bilustraciones _c23 cm |
||
| 336 |
_atexto _btxt _2rdacontent |
||
| 337 |
_asin mediación _bn _2rdamedia |
||
| 338 |
_avolumen _bnc _2rdacarrier |
||
| 490 | 0 | _aA la orilla del viento | |
| 650 | 0 | 7 |
_aTraición en la literatura _2LEMB _960492 |
| 650 | 0 | 0 |
_aNovela juvenil francesa _ySiglo XX _2LEMB _960493 |
| 650 | 0 | 7 |
_aEscuelas en la literatura _2LEMB _960494 |
| 650 | 0 | 0 |
_aLiteratura Juvenil Francesa _ySiglo XX _2LEMB _960495 |
| 700 | 1 |
_aRorive, Joélle _etraductora _960496 |
|
| 700 | 1 |
_aMartínez, Erika _eilustradora _960497 |
|
| 942 |
_2loc _cBKLIT |
||
| 999 |
_c57376 _d57376 |
||